Introduction to soil and water conservation engineering(surveying, irrigation, drainage and soil conservation) (Record no. 41192)

MARC details
000 -LEADER
fixed length control field 00371nam a2200109Ia 4500
082 ## - DEWEY DECIMAL CLASSIFICATION NUMBER
Classification number 631.6.02:62
Item number BIM
100 ## - MAIN ENTRY--AUTHOR NAME
Personal name Bimal Chandramal
245 #0 - TITLE STATEMENT
Title Introduction to soil and water conservation engineering(surveying, irrigation, drainage and soil conservation)
260 ## - PUBLICATION, DISTRIBUTION, ETC. (IMPRINT)
Place of publication Ludhiana
Name of publisher Kalyani Publishers
Year of publication 1994
942 ## - ADDED ENTRY ELEMENTS (KOHA)
Koha item type Books
Holdings
Withdrawn status Lost status Damaged status Not for loan Home library Current library Date acquired Cost, normal purchase price Full call number Accession Number Koha item type
        RRII Library RRII Library 16/12/2021 250.00 631.6.02:62 BIM 21483 Books